000 00343nam a2200145 a 4500
001 2732
005 20140414131905.0
008 050927s19uu xx 00 eng d
050 _aFIC
_bSt6 1999
100 _aJennet Stott
245 _aSara's pet hate!.
260 _bStar Girl Book Club,
_c1999.
300 _a61 p. ; cm.
999 _c110918
_d110918